000 00855cab a2200265 4500
001 ABS55531
008 090401t1996 xxu||||| |||| 00| 0 eng d
035 _a(Sirsi) u17181
041 _aeng
100 _aBurton, T.
245 _aFuture housing needs and the threat to the countryside
260 _c1996
350 _a0
490 _aProperty Finance & Development
_v8(6) June 1996, 4-5(2)
520 _aTakes up the CPRE`s criticisms of the land use planning system and looks at ways to ensure that the level and location of future rural housing is carefully controlled.
650 _aCPRE
650 _aHOUSING PROVISION
650 _aLAND USE PLANNING
650 _aPLANNING SYSTEM
650 _aRURAL HOUSING
690 _aENVIRONMENTAL AND LAND CONSULTANCY
690 _aHOUSING-DEVELOPMENT
942 _n0
948 _c04/03/1997
999 _c11394
_d11394